000 00694nam a2200229 a 4500
999 _c9533
_d9533
001 9533
003 BD-JhCC
005 20180320173528.0
008 180318s1965 bg |||| |||a 000 0 ben d
035 _a(BD-JhCC)9533
040 _aBD-JhCC
_dBD-JhCC
041 _aben
082 _a928
_bGOL 1965
100 _aগোল্ড, জীন
245 _aনিগ্রো কবি পল ডানবার /
_cজীন গোল্ড,
260 _aঢাকা :
_bসাইনিং বুক এজেন্সী,
_c1965
300 _a260 p. :
_c23 cm.
650 _aBiography
700 _aকরিম, বজলুল (অনুবাদ)
942 _2ddc
_cBK